| 000 | 01264cam a22002415a 4500 | ||
|---|---|---|---|
| 001 | L144427 | ||
| 008 | 080717s2008 xxkad f 000 0 eng d | ||
| 035 | _a(Sirsi) u144427 | ||
| 041 | 0 | _aeng | |
| 050 | 0 | 4 | _a333.33 $2 18 |
| 110 | 2 |
_aProperty Data Limited _93654 |
|
| 245 | 0 | 0 |
_aUK Commercial developers directory _b2008 edition |
| 260 |
_aEccceleshall _bProperty Data Limited _c2008 |
||
| 300 |
_a1v. _c30cm.+ _e1 CD-ROM |
||
| 350 | _a335 | ||
| 505 | 2 | _aThe UK commercial developers league table -- Commercial developer profiles A-Z listing -- UK commercial development pipeline -- UK commercial development schedule | |
| 520 | _aIncludes a table showing the leading 200 UK commercial developers ranked by total square footage of current/proposed schemes. The listing provides details on over 1 400 UK commercial property developers including contact details, names of directors and thumbnail sketches of recent activities. Details current and proposed UK development schemes by sector and company. Lists current and proposed UK commercial schemes by geographical area (towns and cities). | ||
| 521 | 2 | 0 | _aAdvanced |
| 590 | _aKA | ||
| 651 | 4 |
_aUnited Kingdom _y |
|
| 690 | _aPROPERTY-COMMERCIAL PROPERTY-COMMERCIAL PROPERTY DEVELOPMENT | ||
| 942 | _n0 | ||
| 999 |
_c108505 _d108505 |
||